| 000 | 00930cam a22002052 4500 | ||
|---|---|---|---|
| 001 | 0000024884 | ||
| 005 | 20151217155918.0 | ||
| 008 | 140321s xx 000 0 eng d | ||
| 040 |
_aKABU _cKABU |
||
| 111 | 2 |
_aJKUAT Scientific, Technological and Industrialisation Conference _cJomo Kenyatta University of Agriculture and Technology, Kenya : _d2012 November 15th-16th : _n7th. _@0000185138 |
|
| 245 | 1 | 0 |
_aProceedings of 2012 JKUAT Scientific, Technological and Industrialisation Conference : _b"Science, technology and innovation for industrialisation and sustainable development" 16th-18th November, 2011. |
| 250 | _a1st ed. | ||
| 260 |
_aNairobi : _bJKUAT, _c2012. |
||
| 300 | _axii, 820 p. | ||
| 650 | 0 |
_aTechnology _xCongresses. _@0000169872 |
|
| 710 | 2 |
_aJomo Kenyatta University of Agriculture and Technology. _@0000169873 |
|
| 908 | _a140321 | ||
| 950 | _@1 | ||
| 999 |
_c13991 _d13991 |
||